| 000 | 00830cam a22002291i 4500 | ||
|---|---|---|---|
| 003 | SA-RiAUC | ||
| 005 | 20250127061633.0 | ||
| 008 | 250121s1981 sy g 00010 ara c | ||
| 040 |
_aSA-MdTU _bara _cSA-RiAUC _erda |
||
| 082 | 0 | 4 |
_a213 _qSA-RiAUC |
| 090 |
_a213 _bح س ن |
||
| 100 | 1 |
_aالحسني، محمد بن علوي المالكي، _d1367-1425 هجري _eمؤلف. |
|
| 245 | 1 | 0 |
_aذكريات ومناسبات / _cتأليف محمد بن علوي المالكي. |
| 264 | 1 |
_aدمشق : _bمكتبة الغزالي، _c1981 |
|
| 300 |
_a328 صفحة ؛ _c24 سم |
||
| 336 |
_aنص _btxt _2rdacontent _3كتاب |
||
| 337 |
_aبدون وسيط _bn _2rdamedia |
||
| 338 |
_aمجلد _bnc _2rdacarrier |
||
| 650 | 7 |
_aالوعظ والإرشاد _2aucsh |
|
| 942 |
_2ddc _cBOOK _n0 |
||
| 949 |
_aSA-JeALM _d250121 _uosman123 _n1 |
||
| 999 |
_c5287 _d5287 |
||